000 00509nam a22001817a 4500
003 DO-SdBNP
005 20171129153530.0
008 171116b 19uu||| |||| 00| 0 spa d
040 _aBPMSU
_bspa
_cBPMSU
082 _axxxxxxx
_bxxxxxxx
100 1 _aCarpentier, Alejo
245 1 3 _aEl reino de este mundo /
_cAlejo Carpentier
260 _a[s. n.] :
_b[s. l.],
_c[198?].
300 _a143 p. ;
_c19 cm.
942 _2ddc
_cBK
945 _aInventariado extranjero / 2017 YL
956 _aBTAVAREZ
_b10
_c20171116
_d0038
999 _c12912
_d12912